| 000 -ლიდერი |
| ფიქსირებული სიგრძის საკონტროლო ველი |
01489nam a22002177a 4500 |
| 003 - საკონტროლო ნომრის იდენტიფიკატორი |
| საკონტროლო ველი |
Ge_BSU |
| 005 - ბოლო ოპერაციის თარიღი და დრო |
| საკონტროლო ველი |
20221007144324.0 |
| 008 - ფიქსირებული სიგრძის მონაცემთა ელემენტები - ზოგადი ინფორმაცია |
| ფიქსირებული სიგრძის საკონტროლო ველი |
221007s1978 ge ||||| |||| 00| 0 geo d |
| 041 ## - ენის კოდი |
| Language code of text/sound track or separate title |
geo |
| 080 ## - უნივერსალური ათობითი კლასიფიკაციის ინდექსი |
| Universal Decimal Classification number |
1(38)(092) გ-17 |
| 100 ## - მთავარი ჩანაწერი - პიროვნების სახელი |
| Personal name |
გათრი, უილიამ |
| 9 (RLIN) |
15146 |
| 245 ## - ცნობა სათაურის შესახებ |
| Title |
ბერძენი ფილოსოფოსები : |
| Remainder of title |
თალესიდან არისტოტელემდე / |
| Statement of responsibility, etc |
უილიამ გათრი ; ინგლ. თარგმნა გიორგი ნოდიამ ; თარგმ. წინასიტყვ. და რედ.: პროფ. გ. თევზაძე ; საქ. მწერალთა კავშირთან არსებული მხატვ. თარგმ. და ლიტ. ურთიერთობების მთ. სარედ. კოლეგია |
| 264 ## - წარმოების, გამოცემის, დისტრიბუციის და სხვა ცნობები |
| გამოცემის, წარმოების, დისტრიბუციის... ადგილი |
თბილისი : |
| გამოცემის, წარმოების, დისტრიბუციის... სახელწოდება |
საბჭ. საქართველო, |
| გამოცემის, წარმოების, დისტრიბუციის... თარიღი |
1983. |
| 300 ## - ფიზიკური აღწერა |
| Extent |
176 გვ. ; |
| Other physical details |
21 სმ. |
| 500 ## - ზოგადი შენიშვნა |
| General note |
პარალელ. თავფურც. ინგლ. ენაზე. |
| 501 ## - შენიშვნა თანმხლებ მასალაზე |
| With note |
სახელთა და საგანთა საძიებელი: გვ. 172-175. |
| 504 ## - BIBLIOGRAPHY, ETC. NOTE |
| Bibliography, etc |
ბიბლიოგრ. ტექსტის შენიშვნებში. |
| 653 ## - INDEX TERM--UNCONTROLLED |
| Uncontrolled term |
ბერძენი ფილოსოფოსები |
| 700 ## - ADDED ENTRY--PERSONAL NAME |
| Personal name |
ნოდია, გ. |
| Relator term |
მთარგმნელი |
| 9 (RLIN) |
12206 |
| 942 ## - ADDED ENTRY ELEMENTS (KOHA) |
| Source of classification or shelving scheme |
|
| Koha item type |
წიგნი |